| 000 | 00497 a2200169 4500 | ||
|---|---|---|---|
| 999 |
_c2265 _d2265 |
||
| 020 | _a9780435453169 | ||
| 050 | _aHF5351 NEE 2000 | ||
| 100 |
_aNeedham, Dave _eauthor |
||
| 245 |
_aAdvanced Business _cDave Needham, Robert Dransfield |
||
| 264 |
_aOxford _bHeinemann Educational, _c2000 |
||
| 300 |
_a674p. : _bill. |
||
| 500 | _aIncludes index | ||
| 650 |
_aBusiness. _xIndustrial management. |
||
| 651 | _aGreat Britain. | ||
| 700 |
_aDransfield, Robert _eauthor |
||
| 942 |
_2lcc _cBK _h5351 _iNEE _kHF |
||